000 00598nam a2200229Ia 4500
003 OSt
005 20221007080858.0
006 a|||||r|||| 00| 0
007 ta
008 221006b |||||||| |||| 00| 0 eng d
024 _a18,408
037 _cTextual
040 _aFLL
_cFLL
_beng
041 _2eng
_aeng
082 _aZxM82, G9
100 _aMacleish A. Ed.
_9695769
245 0 _aLaw and politics
260 _aNew York
_bHarcourt, brace and company U.S.A.
_c1939
300 _a352p
_ccm.
942 _hZxM82, G9
_cTEXL
_2CC
999 _c1161226
_d1161226